00142 a2200073 450000100060000010000180000624500280002426000160005216774 aThorburn S.S aPunjab in peace and war abQausainc